| 000 | 00526nam a2200169Ia 4500 | ||
|---|---|---|---|
| 999 |
_c54942 _d54942 |
||
| 003 | GCL | ||
| 005 | 20240530105326.0 | ||
| 008 | 140319s1991 ua 000 0 ara d | ||
| 020 | _a977506600x | ||
| 040 |
_aGCL / _cGCL |
||
| 082 | 0 | 4 |
_a252.29/ _bد د |
| 245 | 1 | 0 | _aدلائل الخيرات وشوارق الانوار فى الصلاة على النبى المختار / |
| 260 |
_aالقاهرة : _bدار الغد العربى ؛ _c1994. |
||
| 300 |
_a96 ص ؛ _c19 سم. |
||
| 650 | 0 | 7 | _aالادعية |
| 942 |
_2ddc _cBK |
||